'The Simpsons' Episodes by Any Word Quiz Stats

 Plays Quiz Updated Jan 9, 2016

Score 0/226 Timer 08:00
0 Plays Today
% Correct
Homer vs. Lisa and the 8th Commandment
98.7%
The Secret War of Lisa Simpson
98.7%
Bart Gets Hit by a Car
98.7%
Lisa the Simpson
98.6%
Lisa Gets an 'A'
98.6%
The Twisted World of Marge Simpson
98.6%
Bart on the Road
98.6%
Bart the Genius
98.6%
The Old Man and the Lisa
98.6%
Bart the General
98.6%
A Streetcar Named Marge
98.5%
Marge Gets a Job
98.5%
Bart the Mother
98.5%
Bart the Daredevil
98.5%
Bart the Murderer
98.5%
Bart the Lover
98.5%
Bart the Fink
98.5%
Lisa the Beauty Queen
98.5%
Lisa the Vegetarian
98.5%
Lisa the Greek
98.5%
Marge on the Lam
98.5%
Lisa the Iconoclast
98.5%
Lisa the Skeptic
98.5%
Marge vs. the Monorail
98.4%
The City of New York vs. Homer Simpson
98.2%
Bart Gets an F
98.1%
Homer to the Max
97.8%
The Last Temptation of Homer
97.8%
Homer the Smithers
97.8%
Homer at the Bat
97.7%
I Married Marge
97.7%
Homer vs. the Eighteenth Amendment
97.7%
Homer the Heretic
97.6%
Homer the Great
97.6%
The Homer They Fall
97.6%
Homer the Vigilante
97.6%
The Old Man and the 'C' Student
97.4%
Bart Gets an Elephant
97.1%
Marge Simpson in: 'Screaming Yellow Honkers'
97.1%
So It's Come to This: A Simpsons Clip Show
97.1%
A Star Is Burns
97.1%
Lisa on Ice
97%
Mr. Lisa Goes to Washington
96.9%
Raging Abe Simpson and His Grumbling Grandson in 'The Curse of the Flying Hellfish
96.8%
Itchy & Scratchy & Marge
96.8%
In Marge We Trust
96.6%
Boy-Scoutz 'n the Hood
96.6%
Bart of Darkness
96.4%
Secrets of a Successful Marriage
96.4%
Make Room for Lisa
96.2%
When You Dish Upon a Star
96.2%
The Last Temptation of Krust
96.2%
Three Men and a Comic Book
96.1%
A Fish Called Selma
96.1%
Marge in Chains
96.1%
A Milhouse Divided
95.9%
Lisa vs. Malibu Stacy
95.9%
Lost Our Lisa
95.8%
Marge Be Not Proud
95.7%
Homer Simpson in: 'Kidney Trouble'
95.7%
Scenes from the Class Struggle in Springfield
95.7%
$pringfield (Or, How I Learned to Stop Worrying and Love Legalized Gambling)
95.7%
Moaning Lisa
95.6%
The Simpsons 138th Episode Spectacular
95.6%
I love Lisa
95.5%
The Call of the Simpsons
95.4%
The War of the Simpsons
95.4%
The Itchy & Scratchy & Poochie Show
95.4%
Homer vs. Patty and Selma
95.3%
Itchy & Scratchy: The Movie
95.3%
El Viaje Misterioso de Nuestro Jomer (The Mysterious Voyage of Homer)
95.2%
Homer and Apu
95.2%
The Springfield Connection
95%
The Springfield Files
95%
Bart vs. Thanksgiving
94.9%
Bart vs. Australia
94.9%
% Correct
Bart Gets Famous
94.8%
New Kid on the Block
94.7%
The Simpsons Spin-Off Showcase
94.7%
The Principal and the Pauper
94.7%
Life on the Fast Lane
94.6%
Bart Sells His Soul
94.5%
D'oh-in in the Wind
94.4%
Bart Star
94.5%
The Boy Who Knew Too Much
94.4%
The Crepes of Wrath
94.4%
Bart After Dark
94.3%
The Wizard of Evergreen Terrace
94.3%
King of the Hill
94.3%
Lard of the Dance
94.3%
Bart's Dog Gets an F
94.3%
Mayored to the Mob
94.2%
The Two Mrs. Nahasapeemapetilons
94.2%
Radio Bart
94.2%
Trash of the Titans
94.2%
The Joy of Sect
94.2%
And Maggie Makes Three
94.2%
Bart Carny
94.1%
The Way We Was
94.1%
Brother from the Same Planet
94%
Homer Goes to College
93.9%
The Otto Show
93.8%
The Day the Violence Died
93.6%
Homie the Clown
93.4%
The Trouble with Trillions
93.3%
The Telltale Head
93.2%
The Cartridge Family
93.2%
The Front
93%
The PTA Disbands
92.9%
The Canine Mutiny
92.9%
Homer Loves Flanders
92.4%
Simpsons Roasting on an Open Fire
91.7%
King-Size Homer
90%
Deep Space Homer
89.9%
Two Cars in Every Garage and Three Eyes on Every Fish
89.8%
Treehouse of Horror V
89.6%
Homer Alone
89.6%
Dancin' Homer
89.5%
Team Homer
89.5%
Colonel Homer
89.5%
Homer Badman
89.5%
Homer Defined
89.5%
There's No Disgrace Like Home
89%
Treehouse of Horror II
88.3%
Treehouse of Horror III
87.9%
Treehouse of Horror IV
87.7%
Treehouse of Horror VI
87.6%
Treehouse of Horror VIII
87.6%
Treehouse of Horror VII
87.5%
Treehouse of Horror IX
87.5%
Who Shot Mr. Burns? Part 1
86.4%
Who Shot Mr. Burns? Part 2
86.1%
Treehouse of Horror
85.6%
Simpson and Delilah
84.8%
Home Sweet Homediddly-Dum-Doodily
84.2%
Summer of 4 Ft. 2
81.2%
Two Dozen and One Greyhounds
80.5%
Bart's Friend Falls in Love
79.7%
Dog of Death
79%
Last Exit to Springfield
79%
Itchy & Scratchy Land
78.9%
Brother, Can You Spare Two Dimes?
75.1%
Lemon of Troy
73.9%
Fear of Flying
73.1%
Mom and Pop Art
72.6%
Saturdays of Thunder
72.3%
Mountain of Madness
72.2%
22 Short Films About Springfield
72.2%
Miracle on Evergreen Terrace
70.9%
Burns, Baby Burns
69.3%
Mother Simpson
66.9%
Burns Verkaufen der Kraftwerk
66.8%
% Correct
Burns' Heir
66.8%
Wild Barts Can't Be Broken
65.4%
Krusty Gets Busted
65.2%
Krusty Gets Kancelled
65.1%
When Flanders Failed
63.9%
Monty Can't Buy Me Love
63.7%
Simpson Tide
63.5%
One Fish, Two Fish, Blowfish, Blue Fish
60.9%
Kamp Krusty
59.5%
Viva Ned Flanders
58.2%
Another Simpsons Clip Show
58.1%
Round Springfield
53.3%
Two Bad Neighbors
53.3%
Oh Brother, Where Art Thou?
50.7%
They Saved Lisa's Brain
49.8%
Much Apu About Nothing
49.4%
Homer's Night Out
48.4%
You Only Move Twice
48.1%
Simpsons Bible Stories
47.6%
Grampa vs. Sexual Inadequacy
46.4%
Lisa's Date with Density
45.7%
Brother from Another Series
44.5%
Mr. Plow
42.3%
Lisa's First Word
40.7%
Sideshow Bob Roberts
39.5%
Like Father, Like Clown
38.9%
Sideshow Bob's Last Gleaming
36.6%
Lisa's Sax
36.4%
This Little Wiggy
35.9%
My Sister, My Sitter
35.7%
Homer's Enemy
35%
Bart's Inner Child
34.9%
Homer's Barbershop Quartet
34.7%
Homer's Odyssey
34.4%
Homer's Phobia
34.2%
Homer's Triple Bypass
34.2%
Lisa's Wedding
34%
Bart's Girlfriend
33.6%
Grade School Confidential
33.5%
Lisa's Pony
33.1%
Bart's Comet
33%
Lisa's Rival
33%
Lisa's Substitute
33%
I'm with Cupid
30.4%
Radioactive Man
30%
Whacking Day
27.8%
Flaming Moe's
26.5%
Brush with Greatness
25.9%
Old Money
23.6%
Sweet Seymour Skinner's Baadasssss Song
23.4%
All Singing, All Dancing
21.5%
Stark Raving Dad
20.7%
Some Enchanted Evening
20.3%
Simpsoncalifragilisticexpiala(Annoyed Grunt)cious
17.7%
Cape Feare
17.4%
Thirty Minutes over Tokyo
17%
Principal Charming
15.5%
Das Bus
13.1%
Lady Bouvier's Lover
12%
Dead Putting Society
11.7%
Selma's Choice
10%
Black Widower
9.5%
Rosebud
9.1%
Blood Feud
8.6%
Hurricane Neddy
7.9%
Duffless
7.7%
Homerpalooza
7%
Sunday, Cruddy Sunday
6.1%
Natural Born Kissers
6%
Separate Vocations
5.2%
Girly Edition
3.9%
Realty Bites
3.9%
Maximum Homerdrive
3.8%
Dumbbell Indemnity
3.6%

You're not logged in!

Compare scores with friends on all Sporcle quizzes.
OR
Log In

Show Comments

Extras

Top Quizzes Today


Score Distribution

Your Account Isn't Verified!

In order to create a playlist on Sporcle, you need to verify the email address you used during registration. Go to your Sporcle Settings to finish the process.

Report this User

Report this user for behavior that violates our Community Guidelines.

Details: